00592 a2200193 4500999001500000022001200015050002300027100002600050245006900076264003900145300001200184500003000196650004700226651001700273700002600290700002400316700002700340942003100367 c9771d9771 INo ISSN aKTL19.A35 SOU 1971 aFisher, D. S.eeditor aSouth African law reports:b1971(4) October /cD.S. Fisher et al aCape Town:bJuta & Company,c1983. a320p. : aSouth African Law Reports aLaw reports, digests, etc. -- South Africa aSouth Africa aHanmer, N. E.eeditor aKoch, D. M.eeditor aScholtz, W. M.eeditor 2lcccSERIALSh19iSOUkKTL